LEADER 01332nam a2200337 i 4500 001 991001223279707536 005 20020507185522.0 008 931108s1985 us ||| | eng 020 $a0821850423 035 $ab10817773-39ule_inst 035 $aLE01308933$9ExL 040 $aDip.to Matematica$beng 082 0 $a519.2 084 $aAMS 60K 084 $aAMS 60K35 084 $aLC QA274.A1A47 245 00$aParticle systems, Random media and large deviations :$bproc. AMS-IMS-SIAM Summ. res. conf. math. sc. on math. of phase transit., Bowdoin college June 24-30, 1984 /$ced. by R. Durrett 260 $aProvidence, R. I. :$bAmerican Mathematical Society,$c1985 300 $aix, 380 p. ;$c26 cm 490 0 $aContemporary mathematics,$x0271-4132 ;$v41 500 $aConference/Meeting Bowdoin college 1984 650 0$aDynamics of a particle 650 0$aStochastic processes$xCongresses 650 0$aTransformations$xCongresses 700 1 $aDurrett, Richard 907 $a.b10817773$b23-02-17$c28-06-02 912 $a991001223279707536 945 $aLE013 60K DUR11 (1985)$g1$i2013000074658$lle013$o-$pE0.00$q-$rl$s- $t0$u1$v0$w1$x0$y.i10924504$z28-06-02 996 $aParticle systems, Random media and large deviations$9925121 997 $aUNISALENTO 998 $ale013$b01-01-93$cm$da $e-$feng$gus $h0$i1 LEADER 01051nam0-2200301 --450 001 9910804997603321 005 20240222103231.0 010 $bERR$z0306422220 100 $a20240222d1985----kmuy0itay5050 ba 101 0 $aeng 102 $aUS 105 $aa 001yy 200 1 $aAdvances in Penicillium and Aspergillus systematics$fedited by Robert A. Samson and John I. Pitt 210 $aNew York$aLondon$cpublished in cooperation with NATO scientific affairs division [by] Plenum$dc1985 215 $aX, 483 p.$cill.$d26 cm 225 1 $aNATO ASI series. Series A, Life sciences$v102 610 0 $aOrganismi 676 $a589.24$v23$zita 702 1$aSamson,$bRobert A. 702 1$aPitt,$bJohn Ingram 712 12$aInternational Penicillium and Aspergillus workshop$d<1.$f; 1985$e; Amsterdam> 801 0$aIT$bUNINA$gREICAT$2UNIMARC 901 $aBK 912 $a9910804997603321 952 $aA PAT 2008$b1479/2024$fFAGBC 959 $aFAGBC 996 $aAdvances in Penicillium and Aspergillus systematics$93907937 997 $aUNINA